000
00324nam a2200157Ia 4500
100
_a
Mahatme/A.V
650
_a
Electromagnetics
942
_c
BK
366
_f
20
245
_a
Fundamentals of Electromagnetics
260
_b
USP
_c
2015
082
_b
MAH
300
_a
339
546
_a
ENGLISH
_c
PAMPHALETS
999
_c
22436
_d
22436